01174 2200349 4500001002100000005001500021035002000036007000300056008004100059020002200100082001400122084001600136100003500152245017700187250003200364300003000396650002500426700003400451700003400485700003300519264005400552336002100606337003000627338002300657040002200680090002200702500001100724850001200735504003300747999002200780990002200802INLIS00000000088772620240620090646 a0010-0624000628ta240620s2024 yoi g 1 ind d a978-623-359-352-604223a658.3 a658.3 HAR m0 aHariyani Dwi AnjaniePengarang10aManajemen sumber daya manusia :bdiperkaya dengan studi kasus bidang agribisnis /cHariyani Dwi Anjani, Azizatun Nurhayati, Asih Kusumaningsih; penyunting, Ratna Mariastuti aCetakan pertama: Maret 2024 axiv, 174 halaman ;c23 cm 4aManajemen personalia0 aAzizatun NurhayatiePengarang0 aAsih KusumaningsihePengarang0 aRatna MariastutiePenyunting31aYogyakarta :bGadjah Mada University Press,c2024 2rdacontentateks 2rdamediaatanpa perantara 2rdacarrieravolume aYOPDYOGbinderda aCB-D.11 2024-1157 aIndeks aYOPDYOG aBibliografi: halaman 163-167 aCB-D.11/2024-1157 aCB-D.11/2024-1157